000
00320nam a2200133Ia 4500
005
20251222155211.0
008
251222s9999||||xx |||||||||||||| ||spa||
082
_a
ETI.173
100
_a
FRANCISCO ALVAREZ.
245
0
_a
Verbos de vida viaje al centro de la salud
250
_a
1ra. ed.
264
_b
PPC
942
_c
LIB
999
_c
40288
_d
40288